000 00405nam a22001457a 4500
999 _c853
_d853
008 191226b ||||| |||| 00| 0 eng d
082 0 0 _a510.8
_bT4681
100 _9397
_aThompson, J. E.
245 1 0 _aManual of the side rule : its history, principle and operation
_cby J E Thompson
260 _aToronto
_bVan Nostrand
_c1930
300 _avii, 220p.
365 _b9.08
650 0 _aMathematics
942 _cBK